Sports Quiz

Random Sports or Football Quiz

Russian Football Super Cup Final Scorers Quiz Stats

 Plays Quiz not verified by Sporcle

Challenge
Share
Tweet
Embed
Score 0/37 Timer 10:00
0 Plays Today
Russian Super Cup Final Scorer % Correct
2006 Super CupJo
75%
2007 Super CupJo
75%
2007 Super CupJo
75%
2014 Super CupSeydou DoumbIa
68.8%
2007 Super CupVagner Love
50%
2008 Super CupAndrey Arshavin
50%
2004 Super CupDaniel Carvalho
43.8%
2004 Super CupSergei Semak
37.5%
2005 Super CupDmitri Loskov
37.5%
2006 Super CupMozart
37.5%
2007 Super CupSergei Ignashevich
37.5%
2008 Super CupPavel Pogrebnyak
37.5%
2013 Super CupKeisuke Honda
37.5%
2013 Super CupSergei Ignashevich
37.5%
2013 Super CupKeisuke Honda
37.5%
2006 Super CupYuri Zhirkov
31.3%
2008 Super CupRodolfo
31.3%
2009 Super CupTomas Necid
31.3%
2010 Super CupAleksandr Bukharov
31.3%
Russian Super Cup Final Scorer % Correct
2014 Super CupPontus Wernbloom
31.3%
2015 Super CupOumar Niasse
31.3%
2006 Super CupYegor Titov
25%
2006 Super CupChidi Odiah
25%
2012 Super CupSalvatore Bocchetti
25%
2014 Super CupZoran Tosic
25%
2015 Super CupIgor Smolnikov
25%
2003 Super CupJiri Jarosik
18.8%
2003 Super CupRuslan Pimenov
18.8%
2007 Super CupNikita Bazhenov
18.8%
2007 Super CupDmitri Torbinski
18.8%
2011 Super CupAleksei Ionov
18.8%
2014 Super CupHrvoje Milic
18.8%
2004 Super CupDmitri Kirichenko
12.5%
2009 Super CupDeividas Semberas
12.5%
2009 Super CupRoman Sharonov
12.5%
2012 Super CupVladimir Dyadyun
12.5%
2004 Super CupMaksym Kalynychenko
6.3%

You're not logged in!

Compare scores with friends on all Sporcle quizzes.
OR
Log In

You Might Also Like...

Show Comments

Extras

Top Quizzes Today


Score Distribution

Your Account Isn't Verified!

In order to create a playlist on Sporcle, you need to verify the email address you used during registration. Go to your Sporcle Settings to finish the process.

Report this User

Report this user for behavior that violates our Community Guidelines.

Details: